<?xml version="1.0" encoding="UTF-8"?>
<record
    xmlns:xsi="http://www.w3.org/2001/XMLSchema-instance"
    xsi:schemaLocation="http://www.loc.gov/MARC21/slim http://www.loc.gov/standards/marcxml/schema/MARC21slim.xsd"
    xmlns="http://www.loc.gov/MARC21/slim">

  <leader>01477nam a22004097a 4500</leader>
  <controlfield tag="001">BRCA_9250</controlfield>
  <controlfield tag="003">FranzMayer</controlfield>
  <controlfield tag="005">20230717135631.0</controlfield>
  <controlfield tag="008">230712b        |||||||| |||| 00| 0 eng d</controlfield>
  <datafield tag="020" ind1=" " ind2=" ">
    <subfield code="a">978607305993</subfield>
  </datafield>
  <datafield tag="040" ind1=" " ind2=" ">
    <subfield code="a">MFM</subfield>
    <subfield code="b">esp</subfield>
    <subfield code="c">MFM</subfield>
  </datafield>
  <datafield tag="041" ind1=" " ind2=" ">
    <subfield code="a">sp</subfield>
  </datafield>
  <datafield tag="050" ind1=" " ind2="0">
    <subfield code="a">NK.1396.A76</subfield>
    <subfield code="b">U53 2022</subfield>
  </datafield>
  <datafield tag="110" ind1="1" ind2=" ">
    <subfield code="a">UNAM</subfield>
    <subfield code="b">MUAC</subfield>
    <subfield code="9">28661</subfield>
  </datafield>
  <datafield tag="240" ind1=" " ind2=" ">
    <subfield code="a">Una modernidad hecha a mano</subfield>
    <subfield code="h">Dise&#xF1;o artesanal en M&#xE9;xico 1952-2022</subfield>
    <subfield code="l">spa</subfield>
  </datafield>
  <datafield tag="245" ind1="0" ind2=" ">
    <subfield code="a">Una modernidad hecha a mano</subfield>
    <subfield code="b">Dise&#xF1;o artesanal en M&#xE9;xico 1952-2022</subfield>
  </datafield>
  <datafield tag="260" ind1=" " ind2=" ">
    <subfield code="a">CDMX, M&#xE9;xico</subfield>
    <subfield code="b">UNAM</subfield>
    <subfield code="c">2022</subfield>
  </datafield>
  <datafield tag="300" ind1=" " ind2=" ">
    <subfield code="a">88 p</subfield>
    <subfield code="b">ilustraciones</subfield>
    <subfield code="c">22 cm</subfield>
  </datafield>
  <datafield tag="500" ind1=" " ind2=" ">
    <subfield code="a">L60/N5</subfield>
  </datafield>
  <datafield tag="505" ind1="0" ind2=" ">
    <subfield code="a">Destinado a: Artistas, dise&#xF1;adores, historiadores, investigadores, muse&#xF3;grafos Texto en: espa&#xF1;ol</subfield>
  </datafield>
  <datafield tag="610" ind1="1" ind2=" ">
    <subfield code="a">UNAM</subfield>
    <subfield code="b">MUAC</subfield>
    <subfield code="9">28662</subfield>
  </datafield>
  <datafield tag="650" ind1="1" ind2=" ">
    <subfield code="2">Artes decorativas</subfield>
    <subfield code="a">M&#xE9;xico</subfield>
    <subfield code="v">Historia</subfield>
    <subfield code="9">28834</subfield>
  </datafield>
  <datafield tag="651" ind1="1" ind2=" ">
    <subfield code="2">Arte-M&#xE9;xico</subfield>
    <subfield code="a">M&#xE9;xico</subfield>
    <subfield code="y">1952-2022</subfield>
    <subfield code="9">28663</subfield>
  </datafield>
  <datafield tag="700" ind1="1" ind2=" ">
    <subfield code="4">Ed.</subfield>
    <subfield code="a">L&#xF3;pez Garc&#xED;a, Vanessa</subfield>
    <subfield code="9">28664</subfield>
  </datafield>
  <datafield tag="700" ind1="1" ind2=" ">
    <subfield code="4">Coor. Ed</subfield>
    <subfield code="a">Villase&#xF1;or Villareal, Javier</subfield>
    <subfield code="9">28665</subfield>
  </datafield>
  <datafield tag="700" ind1="1" ind2=" ">
    <subfield code="4">Coor. Ed.</subfield>
    <subfield code="a">M&#xFA;jica, Yerem</subfield>
    <subfield code="9">28666</subfield>
  </datafield>
  <datafield tag="700" ind1="1" ind2=" ">
    <subfield code="4">Cor.</subfield>
    <subfield code="a">Ivette Aguilar, Daniela</subfield>
    <subfield code="9">28667</subfield>
  </datafield>
  <datafield tag="700" ind1="1" ind2=" ">
    <subfield code="4">Fot.</subfield>
    <subfield code="a">Bracho, Jos&#xE9;</subfield>
    <subfield code="9">28668</subfield>
  </datafield>
  <datafield tag="700" ind1="1" ind2=" ">
    <subfield code="4">Fot.</subfield>
    <subfield code="a">Kochen, Francisco</subfield>
    <subfield code="9">28669</subfield>
  </datafield>
  <datafield tag="700" ind1="1" ind2=" ">
    <subfield code="4">Fot.</subfield>
    <subfield code="a">Landal, Gerardo</subfield>
    <subfield code="9">28670</subfield>
  </datafield>
  <datafield tag="700" ind1="1" ind2=" ">
    <subfield code="4">Fot.</subfield>
    <subfield code="a">Maya, Agust&#xED;n</subfield>
    <subfield code="9">28671</subfield>
  </datafield>
  <datafield tag="700" ind1="1" ind2=" ">
    <subfield code="4">Fot.</subfield>
    <subfield code="a">Salas Portugal, Armando</subfield>
    <subfield code="9">28672</subfield>
  </datafield>
  <datafield tag="700" ind1="1" ind2=" ">
    <subfield code="4">Fot</subfield>
    <subfield code="a">Schwalkwijk, Bob</subfield>
    <subfield code="9">28673</subfield>
  </datafield>
  <datafield tag="700" ind1="1" ind2=" ">
    <subfield code="4">Dis</subfield>
    <subfield code="a">Paoli, Christina</subfield>
    <subfield code="9">28674</subfield>
  </datafield>
  <datafield tag="710" ind1="1" ind2=" ">
    <subfield code="a">UNAM</subfield>
    <subfield code="b">MUAC</subfield>
    <subfield code="9">28661</subfield>
  </datafield>
  <datafield tag="942" ind1=" " ind2=" ">
    <subfield code="2">lcc</subfield>
    <subfield code="c">B</subfield>
  </datafield>
  <datafield tag="999" ind1=" " ind2=" ">
    <subfield code="c">10869</subfield>
    <subfield code="d">10869</subfield>
  </datafield>
  <datafield tag="952" ind1=" " ind2=" ">
    <subfield code="0">0</subfield>
    <subfield code="1">0</subfield>
    <subfield code="2">lcc</subfield>
    <subfield code="4">0</subfield>
    <subfield code="7">0</subfield>
    <subfield code="8">FCON</subfield>
    <subfield code="a">BRCA</subfield>
    <subfield code="b">BRCA</subfield>
    <subfield code="d">2023-07-12</subfield>
    <subfield code="e">Donaci&#xF3;n</subfield>
    <subfield code="l">0</subfield>
    <subfield code="o">NK.1396.A76 U53 2022</subfield>
    <subfield code="p">CONT10046</subfield>
    <subfield code="r">2023-07-12 00:00:00</subfield>
    <subfield code="t">1</subfield>
    <subfield code="w">2023-07-12</subfield>
    <subfield code="y">B</subfield>
  </datafield>
</record>
